000 00289nam a2200121 i 4500
001 bg
245 0 _aReologia drewna i konstrukcji drewnianych :
_bII Sympozjum.
260 _aPoznaƄ,
_c1986.
040 _cBPK
041 _apol
942 _cKS
008 s pl f |000 0 pol
999 _c23358
_d23358
856 _uhttp://koha.tu.koszalin.pl/cgi-bin/koha/opac-detail.pl?biblionumber=23358
_yKatalog online BPK